Dynamics of foreign policy and law : (Record no. 65997)

MARC details
000 -LEADER
fixed length control field 00487nam a22001457a 4500
005 - DATE AND TIME OF LATEST TRANSACTION
control field 20180806171357.0
020 ## - INTERNATIONAL STANDARD BOOK NUMBER
International Standard Book Number 0195672011
Terms of availability 595.00
035 ## - SYSTEM CONTROL NUMBER
System control number B-163256, b-163255, B-163258
037 ## - SOURCE OF ACQUISITION
Stock number DPL
Source of stock number/acquisition ENG
100 ## - MAIN ENTRY--PERSONAL NAME
Personal name Subedi, Surya P.
245 ## - TITLE STATEMENT
Title Dynamics of foreign policy and law :
Remainder of title A study of Indo-Nepal relations /
Statement of responsibility, etc by Surya P. Subedi
260 ## - PUBLICATION, DISTRIBUTION, ETC. (IMPRINT)
Place of publication, distribution, etc New Delhi
Name of publisher, distributor, etc Oxford University Press
Date of publication, distribution, etc 2006
300 ## - PHYSICAL DESCRIPTION
Extent xiii, 274p.
Dimensions 20 cms.
942 ## - ADDED ENTRY ELEMENTS (KOHA)
Source of classification or shelving scheme Dewey Decimal Classification
Item type English Books
Classification part 327.5405496
Call number suffix SUB
Holdings
Withdrawn status Lost status Not for loan Collection code Home library Current library Date acquired Cost, normal purchase price Full call number Barcode Cost, replacement price Koha item type Source of acquisition
      Non-fiction Patel Nagar Patel Nagar 27/07/2018 595.00 327.5405496 SUB B-163255 595.00 English Books BPPD/PUB
      Non-fiction Sarojini Nagar Sarojini Nagar 02/05/2012 595.00 327.5405496 SUB B-163256 595.00 English Books  
      Non-fiction Shahdara Branch Shahdara Branch 06/08/2018 595.00 327.5405496 SUB B-163258 595.00 English Books BPPD/PUB

© Delhi Public Library
Hit Counter
free hit counter